[Event "GER-ch U14 Girls"]
[Site "Willingen"]
[Date "2020.10.24"]
[Round "7"]
[White "Kanno, Clara Yumi"]
[Black "Lieberwirth, Nele"]
[Result "0-1"]
[WhiteElo "1127"]
[BlackElo "1366"]
[PlyCount "122"]
[EventDate "2020.10.19"]
[EventType "swiss"]
[EventRounds "7"]
[EventCountry "GER"]
[SourceTitle "EXT 2022"]
[Source "ChessBase"]
[SourceDate "2021.10.06"]
[SourceVersion "1"]
[SourceVersionDate "2021.10.06"]
[SourceQuality "1"]

1. e4 e5 2. Nf3 Nc6 3. Bc4 Nf6 4. d3 Bc5 5. c3 Qe7 6. Bb3 0-0 7. 0-0 d6 8. Re1 Bg4 9. Nbd2 Rfe8 10. Nf1 Rad8 11. h3 Be6 12. Bc2 Bb6 13. Ng3 d5 14. exd5 Bxd5 15. Qe2 Qd6 16. a3 a5 17. Bd2 Nd7 18. c4 Be6 19. Reb1 e4 20. Nxe4 Qe7 21. Qe1 Nd4 22. Nxd4 Bxd4 23. Bxa5 b6 24. Bc3 Bxc3 25. Qxc3 Bf5 26. Re1 Qh4 27. Re3 Re6 28. Rae1 Rg6 29. Ng3 Qg5 30. Re8+ Rxe8 31. Rxe8+ Nf8 32. d4 Qc1+ 33. Kh2 Qxc2 34. Qxc2 Bxc2 35. Rc8 Rd6 36. Rxc7 Rxd4 37. Rc8 g6 38. f3 Rd2 39. c5 bxc5 40. Rxc5 Ne6 41. Re5 Nf4 42. Ne4 Rxg2+ 43. Kh1 Bd1 44. Ng5 Rxb2 45. Re4 Nh5 46. Rd4 Rb1 47. Kg2 Rb2+ 48. Kg1 Be2 49. Re4 h6 50. Nxf7 Kxf7 51. Re3 Kf6 52. a4 Kf5 53. a5 Kf4 54. Ra3 Bxf3 55. Ra1 Rg2+ 56. Kf1 Ng3+ 57. Ke1 Rg1+ 58. Kf2 Rxa1 59. h4 Ra2+ 60. Ke1 Ke3 61. a6 Ra1# 0-1

[Event "GER-ch U14 Girls"]
[Site "Willingen"]
[Date "2020.10.21"]
[Round "3"]
[White "Petersen, Sophie"]
[Black "Lieberwirth, Nele"]
[Result "1-0"]
[WhiteElo "1524"]
[BlackElo "1366"]
[PlyCount "73"]
[EventDate "2020.10.19"]
[EventType "swiss"]
[EventRounds "7"]
[EventCountry "GER"]
[SourceTitle "EXT 2022"]
[Source "ChessBase"]
[SourceDate "2021.10.06"]
[SourceVersion "1"]
[SourceVersionDate "2021.10.06"]
[SourceQuality "1"]

1. e4 e5 2. Nf3 Nc6 3. Bb5 a6 4. Ba4 b5 5. Bb3 Na5 6. Nxe5 Nxb3 7. axb3 Qg5 8. Nf3 Qxg2 9. Rg1 Qh3 10. d3 Nf6 11. Bf4 d6 12. Rg3 Qd7 13. Bg5 Nh5 14. Rg1 g6 15. Nbd2 Bg7 16. c3 0-0 17. Be3 Bb7 18. Bd4 Nf6 19. Qc2 Rfe8 20. 0-0-0 Rac8 21. Be3 c5 22. h4 c4 23. bxc4 bxc4 24. Nxc4 Rb8 25. Bf4 Bf8 26. Nfd2 Bc6 27. Be3 d5 28. Nb6 Qb7 29. exd5 Nxd5 30. Nxd5 Bxd5 31. c4 Rec8 32. Bd4 Bh6 33. Bc3 Bf3 34. Rde1 Qb6 35. Kb1 Bc6 36. Ne4 Kf8 37. c5 1-0

[Event "GER-ch U12 Girls"]
[Site "Willingen"]
[Date "2019.06.14"]
[Round "8"]
[White "Lieberwirth, Nele"]
[Black "Ulrich, Helena Irene"]
[Result "1-0"]
[WhiteElo "1385"]
[BlackElo "1514"]
[PlyCount "45"]
[EventDate "2019.06.08"]
[EventType "swiss"]
[EventRounds "9"]
[EventCountry "GER"]
[SourceTitle "CBM 191 Extra"]
[Source "ChessBase"]
[SourceDate "2019.09.30"]
[SourceVersion "1"]
[SourceVersionDate "2019.09.30"]
[SourceQuality "1"]

1. e4 c5 2. Nc3 Nc6 3. f4 g6 4. Nf3 Bg7 5. Be2 e6 6. d3 Nge7 7. 0-0 0-0 8. Be3 b6 9. Qe1 f5 10. Rd1 d5 11. Bf2 fxe4 12. dxe4 d4 13. Nb1 Rxf4 14. Bc4 Na5 15. Bg3 Rf8 16. Na3 a6 17. Ng5 Nxc4 18. Nxc4 Rxf1+ 19. Qxf1 b5 20. Qf7+ Kh8 21. Be5 Qg8 22. Qxe7 bxc4 23. Nf7+ 1-0

[Event "GER-ch U12 Girls"]
[Site "Willingen"]
[Date "2019.06.12"]
[Round "6"]
[White "Lieberwirth, Nele"]
[Black "Vianden, Ella"]
[Result "1-0"]
[WhiteElo "1385"]
[BlackElo "1328"]
[PlyCount "47"]
[EventDate "2019.06.08"]
[EventType "swiss"]
[EventRounds "9"]
[EventCountry "GER"]
[SourceTitle "CBM 191 Extra"]
[Source "ChessBase"]
[SourceDate "2019.09.30"]
[SourceVersion "1"]
[SourceVersionDate "2019.09.30"]
[SourceQuality "1"]

1. d4 d5 2. c4 e6 3. Nc3 Bb4 4. Nf3 Nf6 5. Ne5 dxc4 6. Qa4+ Nc6 7. Nxc6 Bxc3+ 8. bxc3 Qd7 9. Qxc4 bxc6 10. Ba3 Rb8 11. g3 Bb7 12. Bg2 Rg8 13. Rb1 Kd8 14. Bxc6 Qc8 15. 0-0 Bxc6 16. Qxc6 Rxb1 17. Rxb1 h5 18. Rb7 a5 19. Ra7 Re8 20. Ra8 Qxa8 21. Qxa8+ Kd7 22. Qxa5 g6 23. Bb4 Rc8 24. a4 1-0

[Event "GER-ch U12 Girls"]
[Site "Willingen"]
[Date "2019.06.10"]
[Round "3"]
[White "Voigt, Anastasia"]
[Black "Lieberwirth, Nele"]
[Result "1-0"]
[WhiteElo "1447"]
[BlackElo "1385"]
[PlyCount "73"]
[EventDate "2019.06.08"]
[EventType "swiss"]
[EventRounds "9"]
[EventCountry "GER"]
[SourceTitle "CBM 191 Extra"]
[Source "ChessBase"]
[SourceDate "2019.09.30"]
[SourceVersion "1"]
[SourceVersionDate "2019.09.30"]
[SourceQuality "1"]

1. e4 e5 2. Nf3 Nc6 3. Bc4 Nf6 4. d3 Bc5 5. a3 a6 6. Bb3 Ba7 7. 0-0 d5 8. exd5 Nxd5 9. Re1 Bg4 10. Nxe5 Be6 11. Qf3 0-0 12. d4 Nde7 13. Nxc6 bxc6 14. Bg5 Qd6 15. Bxe7 Qxe7 16. Qxc6 Rfe8 17. Nd2 Qf6 18. Nf3 Bb6 19. d5 Bd7 20. Qxd7 Rxe1+ 21. Rxe1 Kf8 22. Ba4 Qd8 23. Ng5 Qxd7 24. Bxd7 h6 25. Nf3 Rd8 26. Bc6 f6 27. b4 Kf7 28. c4 g5 29. c5 Ba7 30. Nd4 Kg6 31. Re7 Rc8 32. g4 h5 33. Be8+ Rxe8 34. gxh5+ Kxh5 35. Rxe8 Kg4 36. Nc6 Bxc5 37. bxc5 1-0

[Event "GER-ch U12 Girls"]
[Site "Willingen"]
[Date "2019.06.09"]
[Round "1"]
[White "Braeutigam, Katerina"]
[Black "Lieberwirth, Nele"]
[Result "1-0"]
[WhiteElo "1697"]
[BlackElo "1385"]
[PlyCount "61"]
[EventDate "2019.06.08"]
[EventType "swiss"]
[EventRounds "9"]
[EventCountry "GER"]
[SourceTitle "CBM 191 Extra"]
[Source "ChessBase"]
[SourceDate "2019.09.30"]
[SourceVersion "1"]
[SourceVersionDate "2019.09.30"]
[SourceQuality "1"]

1. e4 e5 2. Nf3 d5 3. exd5 e4 4. Qe2 Nf6 5. Nc3 Bf5 6. d3 Bb4 7. dxe4 Bxc3+ 8. bxc3 Bxe4 9. c4 0-0 10. h3 Re8 11. Be3 Qd6 12. Qd1 Qb4+ 13. Nd2 Nbd7 14. Rb1 Qc3 15. Rb3 Qxc2 16. Qxc2 Bxc2 17. Rxb7 a5 18. Rxc7 Rab8 19. Be2 Rb2 20. 0-0 Rxa2 21. Ra7 a4 22. Rc1 Rb8 23. c5 Ne5 24. d6 Nc6 25. Rc7 Nd8 26. d7 Nd5 27. Rc8 Rab2 28. Rxc2 R2b7 29. c6 Rb4 30. Ba7 Ne7 31. c7 1-0

[Event "GER-chT U16"]
[Site "Aurich"]
[Date "2018.12.27"]
[Round "2.4"]
[White "Lieberwirth, Nele"]
[Black "Emmerich, Julian"]
[Result "0-1"]
[WhiteElo "1328"]
[BlackElo "1241"]
[PlyCount "86"]
[EventDate "2018.12.27"]
[EventType "team-swiss"]
[EventRounds "7"]
[EventCountry "GER"]
[SourceTitle "CBM 188 Extra"]
[Source "ChessBase"]
[SourceDate "2019.02.26"]
[SourceVersion "1"]
[SourceVersionDate "2019.02.26"]
[SourceQuality "1"]
[WhiteTeam "Leipzig Turm"]
[BlackTeam "Neuberg"]
[WhiteTeamCountry "GER"]
[BlackTeamCountry "GER"]

1. d4 d5 2. c4 e6 3. Nc3 Nf6 4. Nf3 Nbd7 5. Bg5 Be7 6. e3 0-0 7. Bd3 dxc4 8. Bxc4 b6 9. 0-0 Bb7 10. Bf4 Nh5 11. Nd2 Nxf4 12. exf4 Bd6 13. Qg4 Qf6 14. Ne2 Rfe8 15. Bb5 Re7 16. Rfe1 Nf8 17. Nf3 Ng6 18. Ne5 h5 19. Qg3 Bxe5 20. fxe5 Qf5 21. Bd3 Be4 22. Rad1 Bxd3 23. Rxd3 Rd8 24. Rf3 h4 25. Rxf5 hxg3 26. Rh5 gxf2+ 27. Kxf2 Red7 28. g4 Ne7 29. h4 Nc6 30. Rg5 Nxd4 31. Nxd4 Rxd4 32. h5 Rd2+ 33. Re2 Kh7 34. h6 g6 35. Ke3 Rxe2+ 36. Kxe2 Kxh6 37. Rxg6+ Kxg6 38. Ke3 Kg5 39. Kf3 Rd2 40. b3 Rxa2 41. Kg3 Rd2 42. b4 a5 43. bxa5 bxa5 0-1

[Event "GER-chT U16"]
[Site "Aurich"]
[Date "2018.12.27"]
[Round "1.4"]
[White "Striebeck, Enno"]
[Black "Lieberwirth, Nele"]
[Result "1-0"]
[WhiteElo "1681"]
[BlackElo "1328"]
[PlyCount "105"]
[EventDate "2018.12.27"]
[EventType "team-swiss"]
[EventRounds "7"]
[EventCountry "GER"]
[SourceTitle "CBM 188 Extra"]
[Source "ChessBase"]
[SourceDate "2019.02.26"]
[SourceVersion "1"]
[SourceVersionDate "2019.02.26"]
[SourceQuality "1"]
[WhiteTeam "Harksheide"]
[BlackTeam "Leipzig Turm"]
[WhiteTeamCountry "GER"]
[BlackTeamCountry "GER"]

1. d4 d5 2. c4 c6 3. Nc3 Nf6 4. Nf3 Nbd7 5. Bf4 e6 6. e3 Bb4 7. Qb3 Ba5 8. Bd3 0-0 9. 0-0 Re8 10. Rac1 Nf8 11. Qa3 Bc7 12. Bxc7 Qxc7 13. cxd5 exd5 14. Ne5 Ng6 15. Nb5 Qb8 16. Nd6 Re6 17. Ndxf7 Ng4 18. Bxg6 hxg6 19. Nxg4 Kxf7 20. Ne5+ Kg8 21. f4 Rf6 22. g4 Qd6 23. Qxd6 Rxd6 24. Kg2 Bd7 25. Kg3 Rf8 26. Kh4 Kh7 27. Kg5 Bc8 28. Rf3 Rff6 29. Rh3+ Kg8 30. Rh4 Bd7 31. Rf1 Kf8 32. Rh8+ Ke7 33. Rf3 Rf8 34. Rfh3 Rxh8 35. Rxh8 Be8 36. Rg8 Re6 37. Rxg7+ Kf8 38. Rxb7 a5 39. Ra7 Kg8 40. Rxa5 Re7 41. Ra8 Kg7 42. f5 gxf5 43. gxf5 Kf8 44. Ng6+ Kf7 45. Nxe7 Kxe7 46. Ra7+ Kf8 47. h4 Bf7 48. Kf6 Be8 49. Ra8 c5 50. dxc5 d4 51. exd4 Kg8 52. Rxe8+ Kh7 53. c6 1-0